000 00903nam a2200265Ia 4500
003 OSt
005 20221005105630.0
006 a|||||r|||| 00| 0
007 ta
008 221004b |||||||| |||| 00| 0 hin d
020 _a8181431588 (hbk)
_c1975
024 _a88656
037 _b518, 25/03/2008, Vani Prakashan
_cTextual
040 _aCRL
_cCRL
_bhin
041 _2hin
_ahin
082 _aO152,6N48x, P4
100 _aपचौरी, सुधीश
245 0 _aउत्तर यथार्थवाद
246 _aUttar yathārthavāda
260 _aनई दिल्ली
_bवाणी प्रकाशन भारत
_c2004
300 _a330 पृ0
_ccm.
650 _aहिन्दी साहित्य
942 _hO152,6N48x, P4
_cTEXL
_2cc
999 _c1016415
_d1016415